Best Shooters of All Time - Statistics

General Stats
  • This quiz has been taken 46 times
    44 since last reset
  • The average score is 10 of 16
Answer Stats
Jersey Number Team Answer % Correct
30 Golden State Warriors Stephen Curry
100%
23 Chicago Bulls Michael Jordan
84%
0 Portland Trail Blazers | Milawaukee Bucks Damian Lillard
82%
8 \ 24 Los Angeles Lakers Kobe Bryant
82%
23 Clevand Caviliers LeBron James
82%
33 Boston Celtics Larry Bird
76%
31 Indiana Pacers Reggie Miller
76%
35 Phoenix Suns Kevin Durant
71%
2 Los Angeles Clippers Kawhi Leonard
61%
20 Seattle Supersonics Ray Allen
61%
44 Los Angeles Lakers Jerry West
55%
15 Toronto Raptors Vince Carter
50%
11 Dallas Mavericks Klay Thompson
47%
13 Philadelphia 76ers James Harden
45%
7 Philadelphia 76ers Kyle Lowry
24%
26 Milwaukee Bucks Kyle Korver
18%
No matching quizzes found
Score Distribution
Percent of People with Each Score
Percentile by Number Answered
Your Score History
You have not taken this quiz since the last reset